000 00465nam a2200157Ia 4500
005 20250306030514.0
008 240331s9999 xx 000 0 und d
020 _a9789558250402
082 _bDOM
_26404
_a920
100 _aJeewa, D
245 0 _aMun Mugangal
260 _aColombo 13
_bMallikai Panthal
_c2007
300 _avi, 220 p.,
500 _aA research done on various Sri Lankan Tamil literary scholars, about their achievements in the field.
942 _cL
999 _c4691
_d4691